000 00805nam a22002537a 4500
999 _c21292
_d21292
003 AR-CdUCM
008 190409b ||||| |||| 00| 0 spa d
020 _a9786124759925
040 _aMUNICIPALIDAD PROVINCIAL DEL CUSCO
_cBIBLIOTECA MUNICIPAL DEL CUSCO
082 _aEP/808/V46U
_bV46U
100 _aVentura Valle, Mántaro
_930466
245 _aUna gran decisión /
260 _aCusco ;
_bCANP,
_c2017.
300 _a58 Páginas. :
_bIiustraciones en color ;
_c23 cm.
500 _aTexto en idioma Castellano, Quechua, Inglés.
505 _aCon actividades del plan lector.
650 _aTexto Educativo
_925832
650 _aLiteratura infantil
_9588
650 _aLiteratura
_983
650 _aEducación
_9460
650 _aCuentos y mitos
_930329
942 _2ddc
_cLIBROS
945 _aRoel